000
002510000a22000970004500
100
1
_a
Chial, Douglas L.
245
1
0
_a
Covenanting for justice
300
_a
Vol. 53, Num. 2 & 3, (Octubre, 2003), Páginas 136-143
773
0
_t
Reformed World
942
_c
ANA
999
_c
55654
_d
55654